ბათუმის შოთა რუსთაველის სახელმწიფო უნივერსიტეტის ბიბლიოთეკა

აგრონომიული ქიმია საქართველოში. (ბიბ.ჩანაწერი № 44616)

000 -LEADER
fixed length control field 00912nam a2200241Ia 4500
001 - CONTROL NUMBER
control field 11419
003 - CONTROL NUMBER IDENTIFIER
control field GE_BSU
008 - FIXED-LENGTH DATA ELEMENTS--GENERAL INFORMATION
fixed length control field 181216s||||||||xx |||||||||||||| ||und||
040 ## - CATALOGING SOURCE
Transcribing agency GE_BSU
080 ## - UNIVERSAL DECIMAL CLASSIFICATION NUMBER
Universal Decimal Classification number 631.8(479.22)+016:631.8(479.22)
100 ## - MAIN ENTRY--PERSONAL NAME
Personal name სარიშვილი,ივ; გრ.თოდუა.
245 ## - TITLE STATEMENT
Title აგრონომიული ქიმია საქართველოში.
245 ## - TITLE STATEMENT
Remainder of title ისტორია,ბიბლიოგრაფია.
245 ## - TITLE STATEMENT
Statement of responsibility, etc. ივ.ფ.სარიშვილის რედ.
260 ## - PUBLICATION, DISTRIBUTION, ETC.
Place of publication, distribution, etc. თბილისი.
260 ## - PUBLICATION, DISTRIBUTION, ETC.
Name of publisher, distributor, etc. საქ.სას.-სამ.ინ-ტი.
260 ## - PUBLICATION, DISTRIBUTION, ETC.
Date of publication, distribution, etc. 1970.
300 ## - PHYSICAL DESCRIPTION
Extent 456გვ;22სმ.
300 ## - PHYSICAL DESCRIPTION
Accompanying material ბიბლიოგრ:გვ 504-526.
653 ## - INDEX TERM--UNCONTROLLED
Uncontrolled term აგრონომიული ქიმია საქართველოში.
653 ## - INDEX TERM--UNCONTROLLED
Uncontrolled term ქიმია
942 ## - ADDED ENTRY ELEMENTS (KOHA)
Koha item type წიგნი
ეგზემპლარები
Withdrawn status Lost status Damaged status Not for loan Date acquired Barcode Date last seen Price effective from Koha item type
        2018-12-17 20302 2018-12-17 2018-12-17 წიგნი